Statistics for Top 10 NFL Players drafted in the 2000s

Click here to take the quiz!

General Stats

  • This quiz has been taken 42 times
  • The average score is 8 of 10

Answer Stats

RankDraftPos.Player% Correct
1.2000QBTom Brady
98%
2.2005QBAaron Rodgers
88%
4.2001QBDrew Brees
85%
6.2007WRCalvin Johnson
83%
5.2007RBAdrian Peterson
78%
9.2006KRDevin Hester
78%
3.2002SEd Reed
68%
7.2004WRLarry Fitzgerald
65%
8.2003STroy Polamalu
65%
10.2007CBDarrelle Revis
58%

Score Distribution

Percentile by Number Answered

Percent of People with Each Score

Your Score History

You have not taken this quiz